| 000 | 00790nac a22002051u 4500 | ||
|---|---|---|---|
| 010 | _a2003058018 | ||
| 020 | _a0130986593 (alk. paper) | ||
| 082 | 0 | 0 |
_a004.6 _bB3688 |
| 090 |
_c627 _d627 |
||
| 100 | _aBeasley, Jeffrey S., | ||
| 245 | 1 | 0 |
_aNetworking / _cJeffrey S. Beasley. |
| 260 |
_aUpper Saddle River, NJ : _bPearson Prentice Hall, _c2004. |
||
| 300 |
_axxiv, 579 p. : _bill. ; _c26 cm. + _e1 CD-ROM (4 3/4 in.) |
||
| 500 | _aIncludes index. | ||
| 650 | 0 |
_aComputer networks _xDesign and construction. |
|
| 650 | 0 | _aTCP/IP (Computer network protocol) | |
| 650 | 0 | _aInternetworking (Telecommunication) | |
| 942 |
_cBB _k004.6B3688 |
||
| 999 |
_c627 _d627 |
||